| 000 | 01360nam a22003497a 4500 | ||
|---|---|---|---|
| 003 | CHAP | ||
| 005 | 20220329143403.0 | ||
| 008 | 090212s2008 mx a r 00010 spa d | ||
| 010 | _a95835 | ||
| 011 | _a96807 | ||
| 035 | _a107464 | ||
| 040 | _cCHAP | ||
| 090 | _aTesis | ||
| 100 | 1 |
_aNares Valle, José Israel. _980230 |
|
| 245 | 1 | 0 |
_aPropuesta para una educación ambiental para la escuela telesecundaria Fernando de Alva Ixtlixochitl de San Bernardino Texcoco, Edo. de México _c/por José Israel Nares Valle |
| 260 |
_aChapingo, Méx. : _bEl autor, _c2008 |
||
| 300 |
_av, 67 h. : _bilus. |
||
| 502 | _aTesis (Ing. en Recursos Naturales Renovables) -- UACH. Departamento de Suelos | ||
| 590 |
_aALEPH _b10 _c20130110 _lUCH01 _h1527 |
||
| 590 |
_aBATCH-UPD _b10 _c20130110 _lUCH01 _h1159 |
||
| 590 |
_aBATCH-UPD _b10 _c20130410 _lUCH01 _h0742 |
||
| 590 |
_aBATCH-UPD _b10 _c20130914 _lUCH01 _h1244 |
||
| 590 |
_aCONVERSION _b10 _c20130109 _lUCH01 _h1353 |
||
| 650 | 1 | 4 |
_aEducación ambiental. _935556 |
| 650 | 1 | 4 |
_aMedio ambiente _xConservación. _974068 |
| 650 | 1 | 4 |
_aMedio ambiente _xEstudio y enseñanza. _974090 |
| 650 | 1 | 4 |
_aMedio ambiente _xProtección _zMéxico (Edo.). _974113 |
| 901 | _aBK | ||
| 942 | _cFOLL | ||
| 949 |
_aTesis _bBC _cTES _d33724002085090 _eTS1 _h48823 _i107464 _sb |
||
| 949 |
_aTesis _bBC _cTES _d33724002085132 _eTS2 _fc..2 _h48824 _i107464 _si |
||
| 999 |
_c95835 _d95835 |
||